000 00953nam a2200253Ia 4500
003 OSt
005 20220923223301.0
006 a|||||r|||| 00| 0
007 ta
008 220922b |||||||| |||| 00| 0 hin d
024 _a212,808
037 _cTextual
040 _aARTS
_cARTS
_bhin
041 _2hin
_ahin
082 _aO152jN26, M7
100 _aतिवारी, सुरेन्द्र; सुरिन्दर सिंह, संपा.
_9167289
245 0 _aभारती संगम से सागर
246 _aBhāratī sangam se sāgara
260 _aनई दिल्ली
_b राधाकृष्ण प्रका0
_c1987
300 _a154पृ.
_ccm.
650 _aहिन्दी साहित्य
_9156264
942 _hO152jN26, M7
_cTEXL
_2CC
999 _c363082
_d363082